Normal view
MARC view
Entry Topical Term
001 - CONTROL NUMBER
- control field: 17240
003 - CONTROL NUMBER IDENTIFIER
- control field: BD-RjUL
005 - DATE AND TIME OF LATEST TRANSACTION
- control field: 20251027121222.0
008 - FIXED-LENGTH DATA ELEMENTS
- fixed length control field: 251027|| aca||aabn | a|a d
040 ## - CATALOGING SOURCE
- Original cataloging agency: BD-RjUL
- Transcribing agency: BD-RjUL
150 ## - HEADING--TOPICAL TERM
- Topical term or geographic name entry element: Evidence (Law)
- Geographic subdivision: Burma
670 ## - SOURCE DATA FOUND
- Source citation: Work cat.: (BD-RjUL)85890: India (Republic) Laws, statutes, etc. 17238, Sarkar's Law of evidence (India, Pakistan, Burma & Ceylon), 1971